| 000 | 00322nam a22001217a 4500 | ||
|---|---|---|---|
| 082 | _a220 PRO | ||
| 100 |
_aRIDA ZAFAR _971639 |
||
| 245 | _aPR-SOF-1479-FPGA based Custom GPU Design | ||
| 260 |
_aISLAMABAD _bNUST COLLEGE OF EME _c2015 |
||
| 650 | _aDE-COMP-33 | ||
| 700 |
_aASST PROF SAJID GUL KHAWAJA _971640 |
||
| 942 | _cCR | ||
| 999 |
_c578047 _d578047 |
||